kids deserve it (Record no. 25654)

MARC details
000 -LEADER
fixed length control field 00426nam a22001697a 4500
003 - CONTROL NUMBER IDENTIFIER
control field OSt
005 - DATE AND TIME OF LATEST TRANSACTION
control field 20260630123813.0
008 - FIXED-LENGTH DATA ELEMENTS--GENERAL INFORMATION
fixed length control field 260630b |||||||| |||| 00| 0 eng d
020 ## - INTERNATIONAL STANDARD BOOK NUMBER
International Standard Book Number 9780996989527
040 ## - CATALOGING SOURCE
Transcribing agency Chuka university library
100 ## - MAIN ENTRY--PERSONAL NAME
Personal name Todd Nesloney
9 (RLIN) 32109
245 ## - TITLE STATEMENT
Title kids deserve it
260 ## - PUBLICATION, DISTRIBUTION, ETC.
Place of publication, distribution, etc. San Diego
Name of publisher, distributor, etc. Dave Burgess
Date of publication, distribution, etc. 2016
300 ## - PHYSICAL DESCRIPTION
Extent 207p
650 ## - SUBJECT ADDED ENTRY--TOPICAL TERM
Topical term or geographic name entry element kids deserve it
9 (RLIN) 32110
942 ## - ADDED ENTRY ELEMENTS (KOHA)
Source of classification or shelving scheme Library of Congress Classification
Koha item type Long Loan Books
Suppress in OPAC No
Holdings
Withdrawn status Lost status Source of classification or shelving scheme Damaged status Not for loan Collection Home library Current library Shelving location Date acquired Cost, normal purchase price Total Checkouts Full call number Barcode Date last seen Price effective from Koha item type
    Library of Congress Classification     General Collection Books Main Campus Library Main Campus Library General Stacks 30/06/2026 500.00   LB 1027.33 .N47 2016 36523/2026 30/06/2026 30/06/2026 Long Loan Books

Powered by Koha